[Event "45th FIDE Chess Olympiad Open"]
[Site "Budapest, Hungary"]
[Date "2024.09.11"]
[Round "1.39"]
[White "Pinto, Daniel"]
[Black "Jones, Rupert"]
[Result "1-0"]
[WhiteElo "2273"]
[BlackElo "1849"]
[PlyCount "69"]
[EventDate "2024.??.??"]
[WhiteTeam "Bolivia"]
[BlackTeam "Papua New Guinea"]
[WhiteTeamCountry "BOL"]
[BlackTeamCountry "PNG"]
[WhiteClock "0:48:33"]
[BlackClock "0:01:14"]

1. c4 e5 2. Nc3 Nc6 3. g3 g6 4. Bg2 Bg7 5. e3 d6 6. Nge2 Nge7 7. O-O O-O 8. Rb1 Be6 ({RR} 8... Bg4 9. b4 Qd7 10. Re1 Qf5 11. Ba3 Bf3 12. b5 Bxg2 13. Kxg2 Na5 14. d3 a6 15. c5 dxc5 16. Bxc5 Qd7 17. a4 Rfd8 18. Qc2 h5 19. h4 Nf5 20. e4 Nd6 21. Red1 axb5 22. Bxd6 Qxd6 23. Nxb5 {Bacrot,E (2653)-Vladimirov,Y (2612) Batumi 2001 0-1 (47)}) ({RR} 8... f5 9. b4 Be6 10. d3 e4 11. Nf4 Bf7 12. Ncd5 Nxd5 13. Nxd5 Ne5 14. dxe4 c6 15. Nf4 fxe4 16. Bxe4 Bxc4 17. Re1 Bxa2 18. Rb2 Bc4 19. Rd2 Qf6 20. Rxd6 Qf7 21. h4 a5 22. bxa5 Rxa5 23. Bb2 {Rangel,D (2161)-Liu,K (1945) chess.com INT 2024 1-0 (32)}) 9. Nd5 a5 10. a3 Qd7 11. d3 $146 ({RR} 11. b4 axb4 12. axb4 Bf5 13. e4 Be6 14. d3 f5 15. b5 Bxd5 16. cxd5 Nd4 17. Nxd4 exd4 18. Qb3 Kh8 19. Bb2 Ra5 20. b6 cxb6 21. Qxb6 Rb5 22. Qa7 fxe4 23. Bxd4 Qe8 24. dxe4 Nc8 25. Qa1 Bxd4 {Zifroni,D (2205)-Stepak,Y (2345) Rishon Le Ziyyon 1990 1-0 (32)}) ({RR} 11. b4 axb4 12. axb4 Bf5 13. d3 Nxd5 14. cxd5 Na7 15. b5 Nc8 16. Qc2 Qd8 17. Bd2 Nb6 18. Rfc1 Rc8 19. Bc3 Re8 20. e4 Bg4 21. f3 Bd7 22. Bd2 Qe7 23. Be3 Qf8 24. Qd2 Bf6 25. Bh6 Bg7 {Janchev,P (2177)-Badev,K (2394) Plovdiv 2013 1-0 (57)}) 11... Nd8 12. Nec3 f5 13. b4 Bxd5 14. Nxd5 axb4 15. Nxe7+ Qxe7 16. axb4 Ra7 17. Bb2 c6 18. Ra1 Rxa1 19. Qxa1 Ne6 20. Re1 Qc7 21. Qa7 h6 22. b5 Nd8 23. bxc6 Nxc6 24. Qa2 Kh7 25. Rb1 Rb8 26. Bc3 b6 27. Qa4 Ne7 28. Qb5 g5 29. Ra1 h5 30. Ra6 Nc8 31. Qe8 Bh6 32. Bd5 Ne7 33. Qf7+ Kh8 34. Qxh5 Nxd5 35. Qxh6+ 1-0

[Event "45th FIDE Chess Olympiad Open"]
[Site "Budapest, Hungary"]
[Date "2024.09.11"]
[Round "1.41"]
[White "Kudakwashe Chinake"]
[Black "Al Hosani, Omran"]
[Result "1-0"]
[WhiteElo "1859"]
[BlackElo "2241"]
[PlyCount "85"]
[EventDate "2024.??.??"]
[WhiteTeam "Cayman Islands"]
[BlackTeam "United Arab Emirates"]
[WhiteTeamCountry "CAY"]
[BlackTeamCountry "UAE"]
[WhiteClock "0:04:12"]
[BlackClock "0:18:15"]

1. d4 Nf6 2. Nc3 d5 3. Bf4 a6 4. e3 h6 5. h3 ({RR} 5. Nf3 e6 6. a3 c5 7. dxc5 Bxc5 8. Bd3 b6 9. e4 Bb7 10. e5 Nfd7 11. O-O g5 12. Bg3 Nc6 13. Re1 g4 14. Nh4 Qg5 15. Nxd5 exd5 16. e6 Nf6 17. b4 Bd4 18. exf7+ Kxf7 19. Nf5 Bxa1 {Bortnyk,O (2608)-Nakamura,H (2802) chess.com INT 2024 1-0 (52)}) ({RR} 5. h4 e6 6. g4 Bb4 7. Bg2 g6 8. Qf3 Nxg4 9. Nge2 h5 10. O-O-O Bd7 11. e4 c6 12. Qg3 a5 13. Bc7 Qc8 14. Na4 Na6 15. Be5 Nxe5 16. Qxe5 Rf8 17. Nb6 Qb8 18. exd5 Qxe5 19. dxe5 exd5 {Tan,Z (2545)-Shuvalova,P (2483) Shaoxing CHN 2024 1-0 (40)}) 5... e6 6. Nf3 $146 ({RR} 6. a3 c5 7. Nf3 Nc6 8. Be2 Bd6 9. Bxd6 Qxd6 10. O-O O-O 11. Na4 Nd7 12. dxc5 Nxc5 13. Nb6 Rb8 14. c4 Rd8 15. b4 Ne4 16. c5 Qe7 17. Qb3 Bd7 18. Rfd1 Be8 19. Rac1 Qf6 20. Bd3 Ng5 {Stoinev,M (2174)-Kesidis,O (2233) Thessaloniki GRE 2023 1-0 (48)}) ({RR} 6. a3 Bd6 7. Nf3 c5 8. Bxd6 Qxd6 9. Ne5 Nc6 10. f4 g5 11. g3 Ne7 12. Qf3 Nd7 13. Be2 Nf5 14. O-O-O Nxe5 15. fxe5 Qe7 16. Na4 cxd4 17. exd4 Rb8 18. Qf2 b6 19. Bd3 Ng7 20. g4 Bd7 {Moskalets,S (1722)-Goudriaan,R (1992) Almelo NED 2023 1-0 (43)}) 6... c5 7. Be2 Be7 8. O-O O-O 9. Ne5 b5 10. a3 Bb7 11. Bf3 Nc6 12. Ne2 Qb6 13. c3 c4 14. Qc2 a5 15. g4 Nxe5 16. Bxe5 Nd7 17. Bg2 b4 18. Bg3 Bd6 19. f4 bxa3 20. bxa3 Qc7 21. Bh4 f5 22. Bf3 g6 23. Kh1 Kh7 24. Rg1 Nf6 25. gxf5 gxf5 26. Ng3 Kh8 27. Bxf6+ Rxf6 28. Nh5 Rf7 29. Rg6 Rg8 30. Qg2 Qd8 31. Rg1 Rxg6 32. Qxg6 Qf8 33. Qxe6 Bc8 34. Qg6 Bb7 35. a4 Bc6 36. Qe6 Bd7 37. Qxd5 Qe7 38. Rg6 Qxe3 39. Rxh6+ Kg8 40. Rg6+ Kh8 41. Rxd6 Qe1+ 42. Kh2 Qf2+ 43. Bg2 1-0

[Event "45th FIDE Chess Olympiad Open"]
[Site "Budapest, Hungary"]
[Date "2024.09.11"]
[Round "1.42"]
[White "Ammar, Sedrani"]
[Black "Young, Christopher"]
[Result "1-0"]
[WhiteElo "2226"]
[BlackElo "1758"]
[PlyCount "111"]
[EventDate "2024.??.??"]
[WhiteTeam "United Arab Emirates"]
[BlackTeam "Cayman Islands"]
[WhiteTeamCountry "UAE"]
[BlackTeamCountry "CAY"]
[WhiteClock "0:22:27"]
[BlackClock "0:00:48"]

1. d4 Nf6 2. c4 g6 3. Nc3 Bg7 4. e4 d6 5. Be2 O-O 6. Nf3 Nbd7 7. O-O e5 8. d5 Nc5 9. Qc2 a5 10. Bg5 Bd7 ({RR} 10... b6 11. Nd2 Qe8 12. Nb5 Na6 13. a3 h6 14. Be3 Ng4 15. Bxg4 Bxg4 16. b4 Bd7 17. bxa5 bxa5 18. Rab1 f5 19. exf5 Bxf5 20. Ne4 g5 21. f3 Bh7 22. h3 Qd7 23. Nbc3 Kh8 24. Rb5 c6 25. dxc6 {Jussupow,A (2565)-Romanishin,O (2585) Moscow 1983 1-0 (46)}) 11. b3 h6 12. Be3 ({RR} 12. Bh4 Qe8 13. a3 Nh7 14. Ne1 f5 15. f3 f4 16. b4 axb4 17. axb4 Rxa1 18. bxc5 g5 19. Bf2 Qa8 20. cxd6 cxd6 21. c5 Qa3 22. Nb5 Bxb5 23. Bxb5 Rc1 24. Qd3 Qa5 25. cxd6 Rc3 26. Qb1 Rd8 {De Freitas,I (1932)-Antonova,N (1967) Kazan RUS 2024 1-0 (49)}) 12... Re8 $146 ({RR} 12... Nh5 13. Bxc5 dxc5 14. Rad1 Qe7 15. Nb5 Bxb5 16. cxb5 b6 17. Nd2 Nf6 18. Nc4 Ne8 19. Bd3 Nd6 20. Ne3 h5 21. g3 Rae8 22. Rde1 Bh6 23. Ng2 Qd7 24. a4 Bg7 25. Kh1 Bf6 26. f4 Kg7 27. f5 {Rakov,P-Puri,V (2235) Toronto 2009 0-1 (74)}) ({RR} 12... Nh5 13. g3 Qe8 14. a3 f5 15. Nd2 Nf6 16. f3 Nh7 17. Bxc5 dxc5 18. exf5 gxf5 19. Bd3 Qh5 20. Kh1 Ng5 21. Rae1 Rae8 22. f4 Nf7 23. Be2 Qg6 24. Nf3 e4 25. Nh4 Qf6 26. Nd1 Ra8 27. a4 {Hayrapetyan,E (1370)-Etingof,Y (1640) Mamaia 2017 0-1 (53)}) 13. a3 Ng4 14. Bxc5 dxc5 15. Ne1 f5 16. Nd3 b6 17. Bxg4 fxg4 18. b4 axb4 19. axb4 Bf8 20. bxc5 bxc5 21. Qd2 Kg7 22. Rfb1 Bd6 23. Rxa8 Qxa8 24. Qb2 Qa6 25. Nb5 Bxb5 26. Qxb5 Qxb5 27. Rxb5 Ra8 28. f3 gxf3 29. gxf3 Ra4 30. Nxc5 Rxc4 31. Ne6+ Kf6 32. Kg2 h5 33. h4 Rc2+ 34. Kg3 Rc1 35. Rb8 Rg1+ 36. Kh2 Rf1 37. Kg2 Rc1 38. Rd8 Rc2+ 39. Kh3 Rc3 40. Kg3 Ke7 41. Rg8 Kf7 42. Rg7+ Kf6 43. Rh7 Rc1 44. Kh2 Rc2+ 45. Kh3 Rc1 46. Nd8 Rh1+ 47. Kg2 Rxh4 48. Rf7+ Kg5 49. Ne6+ Kh6 50. Nxc7 Bxc7 51. Rxc7 Kg5 52. d6 Kf6 53. Re7 Rf4 54. Re8 h4 55. d7 h3+ 56. Kh2 1-0

[Event "45th FIDE Chess Olympiad Open"]
[Site "Budapest, Hungary"]
[Date "2024.09.11"]
[Round "1.43"]
[White "Shaw, Clifford"]
[Black "Ahmed, Fareed"]
[Result "0-1"]
[WhiteElo "1744"]
[BlackElo "2061"]
[PlyCount "60"]
[EventDate "2024.??.??"]
[WhiteTeam "Cayman Islands"]
[BlackTeam "United Arab Emirates"]
[WhiteTeamCountry "CAY"]
[BlackTeamCountry "UAE"]
[WhiteClock "0:03:48"]
[BlackClock "0:14:08"]

1. f4 d5 2. Nf3 Nf6 3. e3 Bf5 4. b3 e6 5. Bb2 Be7 6. Be2 O-O 7. O-O h6 ({RR} 7... c5 8. c4 Nc6 9. Ne5 d4 10. Nxc6 bxc6 11. Bf3 Bd3 12. Re1 Qb6 13. Na3 a5 14. Be2 Bg6 15. d3 a4 16. e4 Rfb8 17. Rb1 axb3 18. Bc1 bxa2 19. Rxb6 a1=Q 20. Rxb8+ Rxb8 21. Qa4 Qc3 22. Rd1 {Yashas,D (2315)-Grischuk,A (2728) chess.com INT 2024 0-1 (36)}) 8. Ne5 ({RR} 8. d3 c6 9. Ne5 Nbd7 10. Nd2 Bh7 11. Qe1 Qb6 12. Bd4 Bc5 13. c3 Nxe5 14. fxe5 Nd7 15. b4 Bxd4 16. exd4 Nxe5 17. Qg3 Ng6 18. Rae1 a5 19. a3 axb4 20. axb4 Ra3 21. Rc1 Rxc3 22. Nf3 Rxc1 {Marn,J (2322)-Almedina Ortiz,E (2157) chess.com INT 2024 0-1 (37)}) 8... Nbd7 9. g4 Bh7 10. d3 $146 ({RR} 10. Kh1 Nxe5 11. fxe5 Nd7 12. d4 Bg5 13. Bd3 Bxd3 14. Qxd3 f6 15. Ba3 Rf7 16. exf6 Nxf6 17. Qe2 Ne4 18. Rxf7 Kxf7 19. Nd2 Nxd2 20. Qxd2 Kg8 21. Rf1 Be7 22. Bxe7 Qxe7 23. Qf2 e5 24. Qf5 Re8 {Radtke,T-Seidel,A (2149) Frankfurt 2002 0-1 (57)}) 10... Nxe5 11. fxe5 Nd7 12. Nd2 f6 13. Nf3 fxe5 14. Nxe5 Nxe5 15. Bxe5 Bd6 16. Bf4 e5 17. Bg3 Qg5 18. Qc1 Rxf1+ 19. Kxf1 e4 20. Bxd6 cxd6 21. d4 h5 22. h3 Rf8+ 23. Ke1 Qh4+ 24. Kd2 Qxh3 25. gxh5 Rf2 26. Qg1 Rg2 27. Qf1 Qf3 28. Kd1 Rf2 29. Qe1 Qxe3 30. Qd2 Rxe2 0-1

[Event "45th FIDE Chess Olympiad Open"]
[Site "Budapest, Hungary"]
[Date "2024.09.11"]
[Round "1.44"]
[White "Sultan, Ibrahim"]
[Black "Tracey, Shaun M"]
[Result "1-0"]
[WhiteElo "2206"]
[BlackElo "1684"]
[PlyCount "75"]
[EventDate "2024.??.??"]
[WhiteTeam "United Arab Emirates"]
[BlackTeam "Cayman Islands"]
[WhiteTeamCountry "UAE"]
[BlackTeamCountry "CAY"]
[WhiteClock "0:41:39"]
[BlackClock "0:00:32"]

1. d4 e6 2. Nf3 f5 3. Bf4 Nf6 4. e3 Be7 5. Be2 b6 6. O-O Bb7 7. c4 O-O 8. h3 Ne4 9. Nfd2 Nxd2 10. Qxd2 d6 11. Nc3 Nd7 12. b4 $146 ({RR} 12. Bh2 Qe8 13. b4 Qg6 14. f3 Bg5 15. Bd3 Qh6 16. Rae1 Rf6 17. d5 Bh4 18. Re2 e5 19. Nb5 e4 20. Bc2 Ba6 21. Nxc7 Bxc4 22. Nxa8 Rg6 23. fxe4 Bxe2 24. Qxe2 Bd8 25. exf5 Rf6 26. Bf4 Qh4 {Baarslag,E (2172)-Westerweele,H (1919) Vlissingen 2022 1-0}) 12... Kh8 13. Bh2 Bf6 14. Rab1 Qe7 15. c5 a6 16. Rfc1 Rfc8 17. Bd3 Bg5 18. Ne2 Be4 19. Bxe4 fxe4 20. cxd6 cxd6 21. Rxc8+ Rxc8 22. Rc1 Rf8 23. Rc7 Qf7 24. Bg3 Bd8 25. Ra7 a5 26. Nc3 d5 27. a3 Qe8 28. Nb5 axb4 29. Nd6 Qe7 30. axb4 b5 31. Qc2 Bb6 32. Rb7 Rd8 33. Qc6 Kg8 34. Be5 g6 35. Qxb6 Ra8 36. Ra7 Rf8 37. Qb7 Qh4 38. Qxd7 1-0

[Event "45th FIDE Chess Olympiad Open"]
[Site "Budapest, Hungary"]
[Date "2024.09.11"]
[Round "1.45"]
[White "Duran Vega, Sergio"]
[Black "Solomon, Joshua"]
[Result "1-0"]
[WhiteElo "2308"]
[BlackElo "1587"]
[PlyCount "72"]
[EventDate "2024.??.??"]
[WhiteTeam "Costa Rica"]
[BlackTeam "Antigua and Barbuda"]
[WhiteTeamCountry "CRI"]
[WhiteClock "0:10:31"]
[BlackClock "0:00:52"]

1. Nf3 Nf6 2. c4 e6 3. g3 g6 4. b3 Bg7 5. Bb2 O-O 6. Bg2 d6 ({RR} 6... a5 7. Nc3 d5 8. d4 a4 9. Nxa4 dxc4 10. bxc4 c5 11. Nxc5 b6 12. Nb3 Ba6 13. c5 Nd5 14. O-O Nd7 15. cxb6 N7xb6 16. Nc5 Nc4 17. Qc2 Qa5 18. Rfc1 Rfc8 19. Nxa6 Qxa6 20. e4 Nb4 21. Qe2 {Deac,B (2692)-Beerdsen,T (2504) chess.com INT 2024 0-1 (52)}) 7. d4 Nbd7 ({RR} 7... Re8 8. O-O c6 9. Qc2 d5 10. Nbd2 Nbd7 11. Rad1 Qc7 12. h3 Nh5 13. e4 dxe4 14. Nxe4 f5 15. Ned2 c5 16. Rfe1 cxd4 17. Nxd4 Nf8 18. Nb5 Qc5 19. Bxg7 Kxg7 20. Qc3+ Nf6 21. b4 Qb6 22. Nf3 {Zauner,C (1979)-Hawelka,F (1961) Austria AUT 2024 1-0}) 8. O-O Re8 $146 ({RR} 8... Rb8 9. Nc3 b6 10. e4 Bb7 11. Qc2 c5 12. d5 e5 13. Nb5 a6 14. Nxd6 Ba8 15. Nxe5 Nxe5 16. Bxe5 Ng4 17. Bxg7 Kxg7 18. Qe2 h5 19. e5 Qe7 20. f4 f5 21. Bf3 Rbd8 22. h3 Nh6 23. Rae1 {Serreau,D (2000)-Pihlajamaki,A (2105) Budapest 2001 1-0}) 9. e3 e5 10. dxe5 dxe5 11. Nxe5 Rb8 12. Nxd7 Bxd7 13. Nc3 a6 14. a4 Qe7 15. Ra2 Bc6 16. Nd5 Bxd5 17. cxd5 a5 18. Qa1 h5 19. h3 b5 20. Rc1 bxa4 21. Rc6 axb3 22. Ra4 Rb6 23. Rf4 Rxc6 24. dxc6 Rb8 25. Qxa5 Ne8 26. Qa1 Bxb2 27. Qxb2 Ng7 28. Bd5 Ne6 29. Re4 Qd6 30. Bxb3 Kh7 31. Qf6 Qxc6 32. Qxf7+ Ng7 33. Re7 Qc3 34. Bc2 Rb6 35. Rxc7 Qb2 36. Rc5 Kh6 1-0

[Event "45th FIDE Chess Olympiad Open"]
[Site "Budapest, Hungary"]
[Date "2024.09.11"]
[Round "1.46"]
[White "Matthew Bailey"]
[Black "Jimenez Garcia, Emmanuel"]
[Result "0-1"]
[WhiteElo "1548"]
[BlackElo "2352"]
[PlyCount "76"]
[EventDate "2024.??.??"]
[WhiteTeam "Antigua and Barbuda"]
[BlackTeam "Costa Rica"]
[BlackTeamCountry "CRI"]
[WhiteClock "0:12:56"]
[BlackClock "0:05:56"]

1. e4 c6 2. b3 d5 3. Bb2 e6 ({RR} 3... Nf6 4. e5 Ng8 5. Nc3 e6 6. Qe2 c5 7. f4 Nc6 8. Nf3 Nge7 9. O-O-O a6 10. g4 h5 11. Bh3 Nd4 12. Qf2 Nec6 13. Rde1 Nxf3 14. Qxf3 Nd4 15. Qg2 Bd7 16. gxh5 Rxh5 17. Bg4 Rh6 18. f5 {Liang,A (2666)-Nakamura,H (2802) chess.com INT 2024 0-1}) ({RR} 3... Nf6 4. e5 Ne4 5. d3 Nc5 6. d4 Ne6 7. g3 g6 8. Bg2 Bg7 9. Nf3 O-O 10. O-O c5 11. c3 Nc6 12. Na3 cxd4 13. cxd4 Nc7 14. Rc1 Bf5 15. Nh4 Be6 16. Qd2 Rc8 17. Rfe1 Qd7 18. Nc2 {Pein,J (2249)-Kobalia,M (2543) chess.com INT 2024 1-0 (55)}) 4. e5 c5 5. Nf3 $146 ({RR} 5. g3 Ne7 6. Bg2 Nd7 7. Ne2 Nc6 8. f4 Nb6 9. O-O c4 10. d4 Be7 11. Kh1 O-O 12. c3 a5 13. Na3 cxb3 14. axb3 a4 15. c4 axb3 16. cxd5 Nxd5 17. Qxb3 Ncb4 18. g4 Bd7 19. Be4 Bc6 {Konstacky,M (2057)-Dambrauskaite,J (1909) Frydek Mistek 2008 1-0}) ({RR} 5. f4 g6 6. Nf3 Nc6 7. g3 Bg7 8. Nc3 Nge7 9. Bg2 Bd7 10. O-O O-O 11. Re1 Nf5 12. Ne2 Rc8 13. g4 Nfe7 14. d4 b6 15. Ba3 Nb4 16. c3 Na6 17. Qd3 c4 18. bxc4 dxc4 19. Qd2 Bc6 {Fiedler,J (2058)-Kopp,B (2199) Baden 2015 ½-½ (87)}) ({RR} 5. f4 Nc6 6. Nf3 Nh6 7. g3 Bd7 8. Bg2 Qc7 9. O-O Be7 10. d4 cxd4 11. Nxd4 Bc5 12. Kh1 Nxd4 13. Bxd4 Bxd4 14. Qxd4 Qxc2 15. Nc3 Qg6 16. Rad1 Nf5 17. Qd2 O-O 18. Bf3 h5 19. Qf2 Bc6 {Pottberg,U-Burger,C Playchess.com INT 2004 1-0 (39)}) 5... Ne7 6. c3 Bd7 7. d4 cxd4 8. cxd4 Nbc6 9. Be2 Ng6 10. g3 f6 11. O-O fxe5 12. Nxe5 Ncxe5 13. dxe5 Bc5 14. Nd2 O-O 15. Nf3 Qb6 16. Qd3 Rf5 17. Rac1 Raf8 18. a3 Rxf3 19. Bxf3 Bb5 20. Qc3 Bxf1 21. Rxf1 Bd4 22. Qxd4 Rxf3 23. Qa4 Qxb3 24. Qe8+ Nf8 25. Bc1 Rf7 26. Qb8 b6 27. h4 d4 28. h5 h6 29. Qa8 Qc2 30. Bf4 Qe2 31. Qc6 Qxh5 32. Qe4 Ng6 33. Qxd4 Nxf4 34. gxf4 Qg4+ 35. Kh2 Qh4+ 36. Kg2 Rxf4 37. Qe3 Qg5+ 38. Qg3 Rg4 0-1

[Event "45th FIDE Chess Olympiad Open"]
[Site "Budapest, Hungary"]
[Date "2024.09.11"]
[Round "1.47"]
[White "Cabezas Solano, David Alejandro"]
[Black "Farquhar, Abner"]
[Result "0-1"]
[WhiteElo "2248"]
[BlackElo "1678"]
[PlyCount "102"]
[EventDate "2024.??.??"]
[WhiteTeam "Costa Rica"]
[BlackTeam "Antigua and Barbuda"]
[WhiteTeamCountry "CRI"]
[WhiteClock "0:10:56"]
[BlackClock "1:03:23"]

1. d4 d5 2. c4 e6 3. Nc3 Nf6 4. cxd5 exd5 5. Bg5 c6 6. e3 h6 7. Bh4 Be7 8. Qc2 O-O 9. Bd3 Re8 10. Nge2 Ne4 11. Bxe7 Qxe7 12. Bxe4 ({RR} 12. Nxe4 dxe4 13. Bc4 Nd7 14. a3 Nf6 15. O-O Be6 16. Bxe6 Qxe6 17. Rfc1 Nd5 18. Nc3 Rad8 19. Qb3 Re7 20. Ne2 Qg4 21. Qd1 Qg5 22. Rc5 h5 23. Nf4 h4 24. Nxd5 Rxd5 25. Rxd5 cxd5 26. h3 Rc7 {Khademalsharieh,S (2486)-Navrotescu,A (2222) Monaco MNC 2024 ½-½ (32)}) 12... dxe4 13. O-O Na6 ({RR} 13... Bf5 14. d5 Na6 15. Nd4 Bd7 16. dxc6 bxc6 17. Rfd1 Nb4 18. Qe2 Rab8 19. b3 Qg5 20. Rd2 Bg4 21. Qc4 Bh3 22. Qf1 Bc8 23. Qb1 Bh3 24. Qf1 Bc8 25. g3 Ba6 26. Qg2 f5 27. Na4 Rbd8 28. Nc5 {Muzychuk,M (2544)-Baciu,D (2293) Germany 2018 1-0 (33)}) 14. Ng3 $146 ({RR} 14. a3 Nc7 15. h3 Bd7 16. Ng3 f5 17. Qb3+ Be6 18. Qxb7 Rab8 19. Qxc6 Rb6 20. Qa4 Rxb2 21. Rfb1 Reb8 22. Rxb2 Rxb2 23. Qxa7 g6 24. Rb1 Rxb1+ 25. Nxb1 Bc4 26. Nc3 Qd6 27. Qa5 Qc6 28. Qe5 Nd5 {Szoen,D (2441)-Sachsenhofer,M (2134) Aschach 2006 1-0 (33)}) ({RR} 14. a3 Nc7 15. b4 f5 16. Rab1 Be6 17. Na4 Nb5 18. Qb2 Bc4 19. Rfe1 Qf7 20. Nac3 Nd6 21. a4 a5 22. b5 Qd7 23. bxc6 bxc6 24. Qb6 Bd3 25. Rbc1 Ra6 26. Qc5 Nb7 27. Qa3 Qf7 28. Qa2 Bc4 {Kratochvil,M (2058)-Novak,M (2125) Czech Republic 2012 0-1 (46)}) ({RR} 14. Nf4 Nb4 15. Qd2 Bf5 16. a3 g5 17. Nce2 Nd5 18. Ng3 Bg6 19. Nxd5 cxd5 20. Rac1 Qd6 21. Rc5 Rec8 22. Rfc1 Qd7 23. Qc3 Rxc5 24. dxc5 Qb5 25. Qc2 Qe8 26. Ne2 Bf5 27. Qb3 Qd7 28. Nd4 Be6 {Doros,R (2334)-Zalai,M (2152) Hungary 2014 1-0 (75)}) 14... f5 15. f3 Nb4 16. Qb3+ Be6 17. Nxf5 Bxb3 18. Nxe7+ Rxe7 19. axb3 exf3 20. Ra4 fxg2 21. Rd1 Nc2 22. e4 Rf8 23. Raa1 Ref7 24. Kxg2 Rf2+ 25. Kg1 Nxa1 26. Rxa1 Rxb2 27. d5 cxd5 28. exd5 Rxb3 29. Ne4 Rd8 30. Rxa7 Rxd5 31. Kf2 Rh5 32. Kg2 Rb2+ 33. Kf3 Rhxh2 34. Nd6 b5 35. Nf5 Rhf2+ 36. Ke4 Rxf5 37. Kxf5 b4 38. Kg6 Rg2+ 39. Kf5 b3 40. Rb7 b2 41. Rb8+ Kh7 42. Rb7 h5 43. Rb4 g6+ 44. Kf6 Kh6 45. Rb8 Rf2+ 46. Ke5 h4 47. Ke4 Kg5 48. Ke3 Rg2 49. Kf3 h3 50. Rb5+ Kh6 51. Rb8 Rc2 0-1

[Event "45th FIDE Chess Olympiad Open"]
[Site "Budapest, Hungary"]
[Date "2024.09.11"]
[Round "1.48"]
[White "Solomon, Jonathan"]
[Black "Pastor Carvajal, Jeigoth"]
[Result "0-1"]
[WhiteElo "1536"]
[BlackElo "2120"]
[PlyCount "92"]
[EventDate "2024.??.??"]
[WhiteTeam "Antigua and Barbuda"]
[BlackTeam "Costa Rica"]
[BlackTeamCountry "CRI"]
[WhiteClock "0:01:30"]
[BlackClock "0:02:31"]

1. d4 Nf6 2. Bf4 b6 3. e3 Bb7 4. Nd2 g6 5. Ngf3 Bg7 6. Bd3 O-O 7. O-O d6 8. Re1 Nbd7 9. c3 Re8 10. e4 e5 11. Bg3 $146 ({RR} 11. Bg5 h6 12. Bh4 c6 13. Qc2 Qc7 14. Rad1 Nh5 15. Bg3 Nf8 16. Nc4 b5 17. Ne3 a6 18. Bf1 Rab8 19. d5 c5 20. c4 Bc8 21. cxb5 axb5 22. a4 bxa4 23. Qxa4 Bd7 24. Qc2 Rb4 25. Nd2 Ra8 {Mendler,O (1537)-Baron,T (2490) Acre ISR 2024 0-1 (96)}) 11... Qe7 12. Qc2 Rad8 13. Rad1 a6 14. a4 h6 15. h3 Nh5 16. Bh2 Qf6 17. b4 Nf4 18. Bxf4 Qxf4 19. b5 a5 20. g3 Qf6 21. Kg2 Qe7 22. d5 Nc5 23. Bc4 Bc8 24. Nh4 Rf8 25. Ndf3 Kh7 26. Nd2 Qd7 27. Rh1 f5 28. f3 f4 29. Nf1 Bf6 30. Kf2 Bxh4 31. gxh4 Qe7 32. Kg2 Qxh4 33. Be2 Rf7 34. Ra1 Rdf8 35. Bd1 h5 36. Be2 Kg7 37. Bd1 Kf6 38. Be2 Ke7 39. Bd1 Rg7 40. Be2 Qf6 41. Bd1 g5 42. Be2 g4 43. h4 gxf3+ 44. Kxf3 Bg4+ 45. Kf2 Bxe2 46. Qxe2 Rg2+ 0-1

[Event "45th FIDE Chess Olympiad Open"]
[Site "Budapest, Hungary"]
[Date "2024.09.11"]
[Round "1.49"]
[White "Celis, Joel"]
[Black "Middelburg, Tom"]
[Result "1/2-1/2"]
[WhiteElo "1929"]
[BlackElo "2355"]
[PlyCount "86"]
[EventDate "2024.??.??"]
[WhiteTeam "Macau"]
[BlackTeam "New Zealand"]
[WhiteTeamCountry "MAC"]
[BlackTeamCountry "NZL"]
[WhiteClock "0:28:14"]
[BlackClock "0:24:16"]

1. e4 c6 2. d4 d5 3. exd5 cxd5 4. Nf3 Nc6 5. c3 Nf6 6. Bd3 g6 7. O-O Bg7 8. Re1 O-O 9. h3 Bf5 10. Bxf5 gxf5 11. Bg5 ({RR} 11. Nbd2 b5 12. Nf1 Ne4 13. Ng5 e6 14. Qh5 Nf6 15. Qe2 Rb8 16. Nxe6 fxe6 17. Qxe6+ Rf7 {½-½ (17) Nihal,S (2606)-Narayanan,S (2529) Xingtai 2019}) 11... Ne4 ({RR} 11... e6 12. Nbd2 Qb6 13. Bxf6 Bxf6 14. Nb3 Kh8 15. Nc5 Rg8 16. Qb3 Be7 17. Qxb6 axb6 18. Nd7 b5 19. Nfe5 Rg7 20. a3 Rag8 21. g3 f4 22. g4 h5 23. f3 Bh4 24. Re2 Na5 25. Kf1 f6 26. Nd3 {Tillyaev,U (2334)-Ansh,M (2118) Chess.com INT 2022 ½-½ (80)}) 12. Qc1 $146 ({RR} 12. Nbd2 Qd6 13. Re3 Kh8 14. Nxe4 fxe4 15. Nh2 f5 16. g3 Bh6 17. Bxh6 Qxh6 18. Qb3 Qd6 19. f4 Rg8 20. Rf1 Na5 21. Qd1 Nc4 22. Qe2 Raf8 23. Qf2 Nxe3 24. Qxe3 Rf6 25. Rf2 h5 26. h4 Rxg3+ {Ponce Navalon,J (2024)-Burmakin,V (2496) Mali Losinj 2019 0-1}) ({RR} 12. Bh4 Qd6 13. Ng5 Qh6 14. Nxe4 Qxh4 15. Ng3 e6 16. Nd2 Kh8 17. Qh5 Qf6 18. Nf3 Bh6 19. Qh4 Qxh4 20. Nxh4 Rg8 21. Nf3 Rg6 22. Re2 Rag8 23. Nh4 Rg5 24. Nf3 R5g7 25. Ne1 Rg6 26. Nh5 f4 {Kareem,H (1967)-Kanyamarala,T (2369) chess.com INT 2021 0-1 (53)}) ({RR} 12. Bh4 Qb6 13. Qb3 Qxb3 14. axb3 a5 15. Ne5 Nxe5 16. dxe5 Rfe8 17. f3 Nc5 18. Na3 Nxb3 19. Rad1 e6 20. Nb5 Rec8 21. Bf2 Bf8 22. Bd4 Nxd4 23. Nxd4 Bc5 24. Kh2 Bxd4 25. Rxd4 b5 26. g4 fxg4 {Eger,L (1767)-Nunes,A (1797) Cuiaba 2021 ½-½ (59)}) 12... f6 13. Bh6 e6 14. Na3 Rc8 15. Nc2 b5 16. Bxg7 Kxg7 17. Qf4 Ne7 18. a4 bxa4 19. Rxa4 Qb6 20. Rb4 Qc7 21. Qxc7 Rxc7 22. Ra1 Nc6 23. Rb3 Rb8 24. Rxb8 Nxb8 25. Nb4 Rb7 26. Ne1 Kf7 27. Ned3 Re7 28. f3 Nd6 29. Kf2 Nc4 30. b3 Nd6 31. Ra5 Rc7 32. Nc5 Nc8 33. Ke3 Nc6 34. Nxc6 Rxc6 35. b4 Ke7 36. Kd3 Kd6 37. b5 Rb6 38. c4 dxc4+ 39. Kxc4 Ke7 40. Na6 Nd6+ 41. Kb4 Nb7 42. Ra2 Nd6 43. Ra5 Ke8 1/2-1/2

[Event "45th FIDE Chess Olympiad Open"]
[Site "Budapest, Hungary"]
[Date "2024.09.11"]
[Round "1.50"]
[White "Renjith, Sravan"]
[Black "Mak, Tong Kuan"]
[Result "1-0"]
[WhiteElo "2325"]
[BlackElo "1902"]
[PlyCount "79"]
[EventDate "2024.??.??"]
[WhiteTeam "New Zealand"]
[BlackTeam "Macau"]
[WhiteTeamCountry "NZL"]
[BlackTeamCountry "MAC"]
[WhiteClock "0:39:59"]
[BlackClock "0:01:17"]

1. Nf3 Nf6 2. c4 e6 3. b3 d5 4. Bb2 c5 5. g3 Nc6 6. cxd5 exd5 7. Bg2 Be7 8. O-O O-O 9. d4 Ne4 10. dxc5 Nxc5 ({RR} 10... Bf6 11. Nd4 Nxc5 12. Na3 Ne4 13. Nac2 Re8 14. e3 Ne5 15. h3 b6 16. Nb4 Qd6 17. a3 Bd7 18. Ne2 Nf3+ 19. Bxf3 Bxb2 20. Qxd5 Qxd5 21. Nxd5 Bxa1 22. Nc7 Bf6 23. Bxe4 Rxe4 24. Nxa8 Bxh3 25. Rc1 {Chigaev,M (2621)-Fressinet,L (2637) Samarkand UZB 2023 0-1 (43)}) ({RR} 10... Bf6 11. Qc1 Re8 12. Nbd2 Bxb2 13. Qxb2 Nxc5 14. Rac1 Ne4 15. Nxe4 dxe4 16. Rfd1 Qe7 17. Nd4 Nxd4 18. Qxd4 Bg4 19. Qe3 Qa3 20. h3 Bf5 21. Qc5 Qxc5 22. Rxc5 Bg6 23. Kf1 {½-½ (23) Edouard,R (2536)-Maurizzi,M (2601) L'Alpe d'Huez FRA 2024}) 11. Nc3 Bf6 12. Rc1 Ne4 13. a3 $146 ({RR} 13. Na4 Bxb2 14. Nxb2 Qf6 15. Qxd5 Nc3 16. Qd2 Nxa2 17. Rxc6 bxc6 18. Na4 Rb8 19. Qxa2 Rb5 20. Rc1 Qd6 21. e3 c5 22. Bf1 Ra5 23. Qd2 Qc7 24. e4 Bd7 25. Nc3 Ra3 26. Bc4 Be6 27. Nd5 Qb7 {Sulzbach,S (2195)-Braun,J (2147) Germany 2011 1-0 (34)}) ({RR} 13. Ba1 Be6 14. e3 Rc8 15. Nxe4 dxe4 16. Nd4 Nxd4 17. Rxc8 Bxc8 18. Bxd4 Bxd4 19. Qxd4 Qxd4 20. exd4 Rd8 21. Bxe4 Rxd4 22. Rc1 Rd8 23. h4 g6 24. Rc7 b6 25. Rxa7 Be6 26. Ra8 Rxa8 27. Bxa8 b5 {Jones,G (2649)-Stepanyan,H (2163) London 2019 1-0}) 13... Re8 14. Ba1 Be6 15. b4 Nxc3 16. Bxc3 d4 17. Ba1 Qb6 18. Nd2 a5 19. Ne4 Be5 20. b5 Qxb5 21. Rb1 Qc4 22. Qd2 Qa2 23. Qxa2 Bxa2 24. Rxb7 Ra7 25. Rxa7 Nxa7 26. f4 f5 27. fxe5 fxe4 28. Bxd4 Nc6 29. Bc3 Nxe5 30. Bxe4 a4 31. Rf5 Ng4 32. Bd3 h6 33. Ra5 Bb3 34. Ra7 Nf6 35. Rc7 Bd1 36. Bg6 Rd8 37. e4 Bf3 38. Kf2 Bxe4 39. Bxf6 Bxg6 40. Bxd8 1-0